Diplomat İnönü : (Record no. 13477)

MARC details
000 -BAŞLIK
Sabit Uzunlukta Kontrol Alanı 00936nam a22002777a 4500
999 ## - SİSTEM KONTROL NUMARALARI (KOHA)
Koha Biblionumber 13477
Koha Biblioitemnumber 13477
003 - KONTROL NUMARASI IDENTIFIER
Denetim Alanı MIRAKIL
005 - SON İŞLEM TARİHİ VE ZAMANI
Denetim Alanı 20190911142456.0
008 - SABİT-BOY VERİ ELEMANLARI - GENEL BİLGİLER
Sabit Uzunlukta Kontrol Alanı 190911b tu ||||| |||| 00| 0 tur d
020 ## - ULUSLARARASI STANDART KİTAP NUMARASI
Uluslararası Standart Kitap Numarası 9786052985328
040 ## - KATALOGLAMA KAYNAK
Orijinal Kataloglama Ajansı TR-AnCHP
Metne Dönüştürmek Ajansı TR-AnCHP
041 ## - DİL KODU
Metin / Ses Parça Veya Ayrı Başlığın Dil Kodu tur
082 ## - DEWEY ONLU SINIFLANDIRMA NUMARASI
Sınıflandırma Numarası 923.1561
Ürün Numarası C67d 2019
100 1# - ANA GİRİŞ - KİŞİSEL İSİM
Kişisel Ad Coşkun, Alev
245 10 - BAŞLIK TABLOSU
Başlık Diplomat İnönü :
Başlığın Kalan Lozan /
Sorumluluk Tablosu, Vb Alev Coşkun.
246 ## - UNVAN FORM VARYING
Başlık Doğru / Kısa Başlığı Lozan Antlaşması
260 ## - YAYIN, DAĞITIM, VB
Yayın, Dağıtım, Vb Yeri İstanbul:
Yayıncı, Dağıtıcı, Vs Adı Kırmızı kedi yayınevi,
Yayın, Dağıtım, Vb Tarihi 2019.
Üretici Firma Pasifik ofset.
300 ## - FİZİKSEL TANIM
Kapsam 496 s.:
Diğer Fiziksel Ayrıntıları fotg.;
Boyutlar 23 sm.
490 0# - SERİSİ TABLOSU
Seri Beyanı Kırmızı kedi yayınevi;
-- Türk devrimi;
Hacim / Ardışık Tanımı 1139.
-- 6.
504 ## - KAYNAKÇA VB NOT
Kaynakça Vb Notu Kaynakça ve dizin vardır.
600 14 - KONU KATMA GİRİŞ - KURUMSAL ADI
9 (RLIN) 1800
Kişisel Ad İnönü, İsmet
Bir Adıyla İlişkilendirilen Tarihler 1884-1973
Genel Alt Bölümü yaşamöyküsü
650 #0 - KONU KATMA GİRİŞ - TOPİKAL DÖNEM
9 (RLIN) 5965
Topikal Süreli Veya Coğrafi Ad Giriş Elemanı Lozan Antlaşması
Kronolojik Alt Bölümü 24 Temmuz 1923
650 #0 - KONU KATMA GİRİŞ - TOPİKAL DÖNEM
9 (RLIN) 4
Topikal Süreli Veya Coğrafi Ad Giriş Elemanı Türkiye
Genel Alt Bölümü Uluslararası ilişkiler
-- Anlaşmalar
650 #4 - KONU KATMA GİRİŞ - TOPİKAL DÖNEM
9 (RLIN) 1099
Topikal Süreli Veya Coğrafi Ad Giriş Elemanı Tarih
Genel Alt Bölümü Türkiye
Kronolojik Alt Bölümü 1922-1923
740 ## - KATMA GİRİŞ - KONTROLSUZ İLGİLİ / ANALİTİK BAŞLIK
Kontrol Edilmeyen / İlgili Analitik Başlıktaki Lozan Antlaşması
942 ## - EKLENDİ GİRİŞ ELEMANLARI (KOHA)
Sınıflandırma Veya Raf Düzeni Kaynak Dewey Decimal Classification
Koha Öğesi Türü Books
Holdings
Kalıcı Konum Mevcut Konum Edinme Tarihi Toplam Check-Out'Lar Tam Çağrı Numarası Barkod Tarih Son Görülme İtibaren Geçerli Fiyatlar Koha Öğesi Türü
CHP Kütüphanesi CHP Kütüphanesi 09/11/2019   923.1561 C67d 2019 011933 09/11/2019 09/11/2019 Books